| 000 | 00510cam a22002171 4500 | ||
|---|---|---|---|
| 001 | sa 63002957 | ||
| 003 | DLC | ||
| 005 | 20260227111938.0 | ||
| 008 | 940804s1962 ii 000 1 pano | ||
| 010 | _asa 63002957 | ||
| 025 | _aPL480:I-Pu-83 | ||
| 035 | _a(OCoLC)30883611 | ||
| 040 |
_aDLC _cCU _dCU _dDLC |
||
| 042 | _apremarc | ||
| 050 | 0 | 0 |
_aPK2659.S587 _bS3 |
| 100 | 1 |
_aSingh, Sujan, _d1909- |
|
| 245 | 1 | 0 | _aSawāla-jawāba. |
| 260 | _c[1962] | ||
| 300 |
_a120 p. _c19 cm. |
||
| 500 | _aIn Panjabi. | ||
| 999 |
_c54806 _d54806 |
||